08882 2203589 4500001002100000005001500021035002000036245012200056100001800178250002900196300004300225700003200268700001300300260006300313082001000376084001600386020002200402600001200424504002900436520002600465008004100491990001700532990001700549990001700566990001700583990001700600990001700617990001700634990001700651990001700668990001700685990001700702990001700719990001700736990001700753990001700770990001700787990001700804990001700821990001700838990001700855990001700872990001700889990001700906990001700923990001700940990001700957990001700974990001700991990001701008990001701025990001701042990001701059990001701076990001701093990001701110990001701127990001701144990001701161990001701178990001701195990001701212990001701229990001701246990001701263990001701280990001701297990001701314990001701331990001701348990001701365990001701382990001701399990001701416990001701433990001701450990001701467990001701484990001701501990001701518990001701535990001701552990001701569990001701586990001701603990001701620990001701637990001701654990001701671990001701688990001701705990001701722990001701739990001701756990001701773990001701790990001701807990001701824990001701841990001701858990001701875990001701892990001701909990001701926990001701943990001701960990001701977990001701994990001702011990001702028990001702045990001702062990001702079990001702096990001702113990001702130990001702147990001702164990001702181990001702198990001702215990001702232990001702249990001702266990001702283990001702300990001702317990001702334990001702351990001702368990001702385990001702402990001702419990001702436990001702453990001702470990001702487990001702504990001702521990001702538990001702555990001702572990001702589990001702606990001702623990001702640990001702657990001702674990001702691990001702708990001702725990001702742990001702759990001702776990001702793990001702810990001702827990001702844990001702861990001702878990001702895990001702912990001702929990001702946990001702963990001702980990001702997990001703014990001703031990001703048990001703065990001703082990001703099990001703116990001703133990001703150990001703167990001703184990001703201990001703218990001703235990001703252990001703269990001703286990001703303990001703320990001703337990001703354990001703371990001703388990001703405990001703422990001703439990001703456990001703473990001703490990001703507990001703524990001703541990001703558990001703575990001703592990001703609990001703626990001703643990001703660990001703677990001703694990001703711990001703728990001703745990001703762990001703779990001703796990001703813990001703830990001703847990001703864990001703881990001703898990001703915990001703932990001703949990001703966990001703983990001704000990001704017990001704034990001704051990001704068990001704085990001704102990001704119990001704136990001704153990001704170990001704187990001704204990001704221990001704238990001704255990001704272990001704289990001704306990001704323990001704340990001704357990001704374990001704391990001704408990001704425990001704442990001704459990001704476990001704493990001704510990001704527990001704544990001704561990001704578990001704595990001704612990001704629990001704646990001704663990001704680990001704697990001704714990001704731990001704748990001704765990001704782990001704799990001704816990001704833990001704850990001704867990001704884990001704901990001704918990001704935990001704952990001704969990001704986990001705003990001705020990001705037990001705054990001705071990001705088990001705105990001705122990001705139990001705156990001705173990001705190990001705207990001705224990001705241990001705258990001705275INLIS00000000000001920221121075759 a0010-11220000191 aSejarah Indonesia kelas X :bSMA/MA/SMK/MAK kurikulum 2013 /cRestu Gunawan, Amurwani Dwi Lestariningsih dan Sardiman0 aRestu Gunawan acet.4, edisi revisi 2017 aviii, 280 hlm. :bilus. ;c25 x 18 cm.0 aAmurwani Dwi Lestariningsih0 aSardiman aJakarta :bKementerian Pendidikan dan Kebudayaan RI,c2017 a959.8 a959.8 RES s a978-602-427-123-7 4aSejarah aBibliografi ;hlm.265-270 aBiografi ;hlm.271-280221121 g 0 ind  a201900100950 a201900100951 a201900100952 a201900100953 a201900100954 a201900100955 a201900100956 a201900100957 a201900100958 a201900100959 a201900100960 a201900100961 a201900100962 a201900100963 a201900100964 a201900100965 a201900100966 a201900100967 a201900100968 a201900100969 a201900100970 a201900100971 a201900100972 a201900100973 a201900100974 a201900100975 a201900100976 a201900100977 a201900100978 a201900100979 a201900100980 a201900100981 a201900100982 a201900100983 a201900100984 a201900100985 a201900100986 a201900100987 a201900100988 a201900100989 a201900100990 a201900100991 a201900100992 a201900100993 a201900100994 a201900100995 a201900100996 a201900100997 a201900100998 a201900100999 a201900101000 a201900101001 a201900101002 a201900101003 a201900101004 a201900101005 a201900101006 a201900101007 a201900101008 a201900101009 a201900101010 a201900101011 a201900101012 a201900101013 a201900101014 a201900101015 a201900101016 a201900101017 a201900101018 a201900101019 a201900101020 a201900101021 a201900101022 a201900101023 a201900101024 a201900101025 a201900101026 a201900101027 a201900101028 a201900101029 a201900101030 a201900101031 a201900101032 a201900101033 a201900101034 a201900101035 a201900101036 a201900101037 a201900101038 a201900101039 a201900101040 a201900101041 a201900101042 a201900101043 a201900101044 a201900101045 a201900101046 a201900101047 a201900101048 a201900101049 a201900101050 a201900101051 a201900101052 a201900101053 a201900101054 a201900101055 a201900101056 a201900101057 a201900101058 a201900101059 a201900101060 a201900101061 a201900101062 a201900101063 a201900101064 a201900101065 a201900101066 a201900101067 a201900101068 a201900101069 a201900101070 a201900101071 a201900101072 a201900101073 a201900101074 a201900101075 a201900101076 a201900101077 a201900101078 a201900101079 a201900101080 a201900101081 a201900101082 a201900101083 a201900101084 a201900101085 a201900101086 a201900101087 a201900101088 a201900101089 a201900101090 a201900101091 a201900101092 a201900101093 a201900101094 a201900101095 a201900101096 a201900101097 a201900101098 a201900101099 a201900101100 a201900101101 a201900101102 a201900101103 a201900101104 a201900101105 a201900101106 a201900101107 a201900101108 a201900101109 a201900101110 a201900101111 a201900101112 a201900101113 a201900101114 a201900101115 a201900101116 a201900101117 a201900101118 a201900101119 a201900101120 a201900101121 a201900101122 a201900101123 a201900101124 a201900101125 a201900101126 a201900101127 a201900101128 a201900101129 a201900101130 a201900101131 a201900101132 a201900101133 a201900101134 a201900101135 a201900101136 a201900101137 a201900101138 a201900101139 a201900101140 a201900101141 a201900101142 a201900101143 a201900101144 a201900101145 a201900101146 a201900101147 a201900101148 a201900101149 a201900101150 a201900101151 a201900101152 a201900101153 a201900101154 a201900101155 a201900101156 a201900101157 a201900101158 a201900101159 a201900101160 a201900101161 a201900101162 a201900101163 a201900101164 a201900101165 a201900101166 a201900101167 a201900101168 a201900101169 a201900101170 a201900101171 a201900101172 a201900101173 a201900101174 a201900101175 a201900101176 a201900101177 a201900101178 a201900101179 a201900101180 a201900101181 a201900101182 a201900101183 a201900101184 a201900101185 a201900101186 a201900101187 a201900101188 a201900101189 a201900101190 a201900101191 a201900101192 a201900101193 a201900101194 a201900101195 a201900101196 a201900101197 a201900101198 a201900101199 a201900101200 a201900101201 a201900101202 a201900101203 a201900101204 a201900101205 a201900101206 a201900101207 a201900101208 a201900101209 a201900101210 a201900101211 a201900101212 a201900101213 a201900101214 a201900101215 a201900101216 a201900101217 a201900101218 a201900101219 a201900101220 a201900101221 a201900101222 a201900101223 a201900101224 a201900101225 a201900101226 a201900101227 a201900101228 a201900101229